| 000 | 00397 a2200121 4500 | ||
|---|---|---|---|
| 001 | ART_10971 | ||
| 005 | 20260410161849.0 | ||
| 008 | 260409a | ||
| 245 | 1 | 0 | _aUn análisis de las propiedades dinámicas del tipo de cambio flexible |
| 100 | 1 | _aRodríguez, Carlos Alfredo | |
| 700 | 1 | _aFrenkel, Jacob | |
| 773 | 0 |
_tEconómica _g- Año XXVIII, Nº 1/2 (ene./ago. 1982) _wREV7541 |
|
| 999 |
_c24814 _d24814 |
||